ARRUPE JESUIT UNIVERSITY

CORONAVIRUS -STOP THE SPREAD - CLEAN,DISINFECT,COVER

God incarnate, story and belief / (Record no. 118057)

MARC details
000 -LEADER
fixed length control field 00788cam a2200265ua 4500
001 - CONTROL NUMBER
control field 4445234
003 - CONTROL NUMBER IDENTIFIER
control field ARRUPE
005 - DATE AND TIME OF LATEST TRANSACTION
control field 20130925172841.0
008 - FIXED-LENGTH DATA ELEMENTS--GENERAL INFORMATION
fixed length control field 820212s1981 enk b 001 0 eng d
020 ## - INTERNATIONAL STANDARD BOOK NUMBER
International Standard Book Number 0281038325
035 ## - SYSTEM CONTROL NUMBER
System control number (OCoLC)9486195
035 ## - SYSTEM CONTROL NUMBER
System control number (OCoLC)ocm09486195
035 ## - SYSTEM CONTROL NUMBER
System control number (NNC)4445234
040 ## - CATALOGING SOURCE
Original cataloging agency MBtS
Transcribing agency MBtS
Modifying agency NNUT
-- CStRLIN
050 ## - LIBRARY OF CONGRESS CALL NUMBER
Classification number BT202
Item number .G577 1981
300 ## - PHYSICAL DESCRIPTION
Dimensions 22 cm.
245 00 - TITLE STATEMENT
Title God incarnate, story and belief /
Statement of responsibility, etc edited by A.E. Harvey.
260 ## - PUBLICATION, DISTRIBUTION, ETC. (IMPRINT)
Place of publication, distribution, etc London :
Name of publisher, distributor, etc SPCK,
Date of publication, distribution, etc 1981.
300 ## - PHYSICAL DESCRIPTION
Extent viii, 104 p. ;
504 ## - BIBLIOGRAPHY, ETC. NOTE
Bibliography, etc Includes bibliographical references and index.
600 00 - SUBJECT ADDED ENTRY--PERSONAL NAME
Personal name Jesus Christ
General subdivision Person and offices.
9 (RLIN) 1308
650 #0 - SUBJECT ADDED ENTRY--TOPICAL TERM
Topical term or geographic name as entry element Incarnation.
9 (RLIN) 1309
700 1# - ADDED ENTRY--PERSONAL NAME
Personal name Harvey, A. E.
Fuller form of name (Anthony Ernest)
9 (RLIN) 1310
942 ## - ADDED ENTRY ELEMENTS (KOHA)
Source of classification or shelving scheme Library of Congress Classification
Koha item type Monograph ( Printed materials)
Holdings
Withdrawn status Lost status Source of classification or shelving scheme Damaged status Not for loan Home library Current library Shelving location Date acquired Total Checkouts Full call number Barcode Date last seen Price effective from Koha item type
    Library of Congress Classification     ARRUPE LIBRARY ARRUPE LIBRARY Main Collection 25/09/2013   BT202 .G577 1981 46411249 25/09/2013 25/09/2013 Monograph ( Printed materials)

 

Arrupe Library. PO Box MP320 Mt Pleasant, Harare, Zimbabwe
263 242 745411|librarian@aju.ac.zw